De la crisis de identidad al rescate de la gňesis del cooperativismo

Detalles Bibliográficos
Autor principal: de Miranda, Jose Eduardo
Formato: eBook
Lenguaje:español
Publicado: Madrid : Dykinson, 2013
Materias:
Acceso en línea:Accesor estringido

MARC

LEADER 00000nam a22000007a 4500
005 2013112709349.0
007 cr|||| ||||
008 131127s2013 sp |||||s|||| 00||0 spa d
020 |a 978-84-9031-515-6 
035 |a 11644 
040 |a vLex 
090 |c 4574  |d 4574 
100 1 |a de Miranda, Jose Eduardo 
245 1 3 |a De la crisis de identidad al rescate de la gňesis del cooperativismo  |h [Recurso electrn̤ico] /  |c Jos ̌Eduardo de Miranda  
256 |a Servicio en ln̕ea 
260 |a Madrid :  |b Dykinson,  |c 2013 
300 |a 1 recurso electrn̤ico 
506 1 |a Contenido solo disponible en los productos indicados  |d vLex Global  |d vLex Global (Academic Edition, excluding Law Schools)  |d vLex Global (U.S. Academic Edition, Law Schools)  |d vLex Global (U.S. Academic Edition, excluding Law Schools)  |d vLex Global (Academic Edition, Law Schools) 
650 0 4 |a Cooperativismo 
740 0 |a vLex Libros (Servicio en ln̕ea) 
856 4 0 |u http://vlex.com/source/crisis-identidad-rescate-genesis-cooperativismo-11644  |z Accesor estringido 
942 |c BOOK 
999 0 |a Cooperation